COMMUNICATION &EDUCATION TECHNOLOGY (Record no. 6776)

MARC details
000 -LEADER
fixed length control field 00298nam a2200133Ia 4500
082 ## - DEWEY DECIMAL CLASSIFICATION NUMBER
Classification number 370
Item number C14S
100 ## - MAIN ENTRY--PERSONAL NAME
Personal name SHARMA, DK
245 ## - TITLE STATEMENT
Title COMMUNICATION &EDUCATION TECHNOLOGY
250 ## - EDITION STATEMENT
Edition statement 2ND
260 ## - PUBLICATION, DISTRIBUTION, ETC. (IMPRINT)
Name of publisher, distributor, etc LOTOUS PUB.
Year of Publication 2014
300 ## - PAGE DESCRIPTION
No. of Pages 375
650 ## - SUBJECT ADDED ENTRY--TOPICAL TERM
Topical term or geographic name as entry element COMMUNICATION & EDUCATION
942 ## - ADDED ENTRY ELEMENTS (KOHA)
Source of classification or shelving scheme Dewey Decimal Classification
Koha item type Books
Holdings
Withdrawn status Lost status Source of classification or shelving scheme Damaged status Not for loan Collection code Home library Current library Shelving location Date acquired Vendor Name Cost, normal purchase price SGTU Total Checkouts Full call number Accession No. (Barcode) Date last seen Date last borrowed Bill Date Koha item type
    Dewey Decimal Classification     NURSING SGT Medical Library SGT Medical Library Text Book 02/07/2015 KBD 325.00 SGTU 29 370 C14S FN2557 24/08/2022 17/08/2022 02/07/2015 Books
weeded-out   Dewey Decimal Classification     NURSING SGT Medical Library SGT Medical Library Text Book 02/07/2015 KBD 325.00 SGTU 20 370 C14S FN2558 18/01/2019 04/01/2019 02/07/2015 Books